000 00523nam a22001817a 4500
003 OSt
005 20250702114148.0
008 250702b |||||||| |||| 00| 0 eng d
020 _a81-7130-472-9
040 _cSBCL
082 _a894.8123
_bBAS-J
100 _aBasheer, Vaikom Muhammad
245 _aJanmadinam
260 _aKottayam
_bDC Books
_c2018
300 _a103p.
650 _2Literature (Belles-lettres) and rhetoric
_aLiteratures of other languages
_vAltaic, Uralic, Hyperborean & Dravidian
942 _cBOOK
999 _c137187
_d137187